Southville International School and Colleges
Your cart is empty.
  • Cart
  • Lists
    Public lists Eva Luna New books Lux_list list_1
    Your lists Log in to create your own lists
  • Log in to your account
  • Your cookies
  • Search history
Southville International School and Colleges
  • Advanced search
  • Recent comments
  • Most popular
  • Libraries

Log in to your account

Log in with GOOGLE


If you do not have an external account, but do have a local account, you can still log in:

  1. Home
  2. MARC view: Runaway Ball (The) /
Normal view MARC view ISBD view

Runaway Ball (The) / (Record no. 104286)

[ view plain ]
MARC details
000 -LEADER
fixed length control field 00611nam a2200181 a 4500
005 - DATE AND TIME OF LATEST TRANSACTION
control field 20140412111318.0
008 - FIXED-LENGTH DATA ELEMENTS--GENERAL INFORMATION
fixed length control field 000822s19uu xx 00 eng d
020 ## - INTERNATIONAL STANDARD BOOK NUMBER
International Standard Book Number 0-85953-243-7
050 ## - LIBRARY OF CONGRESS CALL NUMBER
Classification number TR(PS E
Item number Ru87 1986
245 ## - TITLE STATEMENT
Title Runaway Ball (The) /
Statement of responsibility, etc illustrated by Bob Brackman.
260 ## - PUBLICATION, DISTRIBUTION, ETC. (IMPRINT)
Place of publication, distribution, etc UK :
Name of publisher, distributor, etc Child's Play (International) Ltd,
Date of publication, distribution, etc 1985.
300 ## - PHYSICAL DESCRIPTION
Extent 1 v. (unp.) ; ill.
440 ## - SERIES STATEMENT/ADDED ENTRY--TITLE
Title A Pop-up Storybook
520 ## - SUMMARY, ETC.
Summary, etc Oops! Here comes a ball with a mind of its own . . . and a book fukll of pop-up-fun and surprises!
650 ## - SUBJECT ADDED ENTRY--TOPICAL TERM
Topical term or geographic name as entry element Ball-Fiction
650 ## - SUBJECT ADDED ENTRY--TOPICAL TERM
Topical term or geographic name as entry element Children stories-Fiction
Holdings
Withdrawn status Lost status Damaged status Use restrictions Home library Current library Shelving location Date acquired Source of acquisition Total Checkouts Full call number Barcode Date last seen Price effective from Koha item type
        Elizalde Library Elizalde Library Teachers Reference Section 08/22/2000     TR(PS E Ru87 1986 E7276 04/12/2014 04/12/2014 Books

Runaway Ball (The) /

APA

(1985). Runaway Ball (The). UK: Child's Play (International) Ltd.

Chicago

1985. Runaway Ball (The). UK: Child's Play (International) Ltd.

Harvard

(1985). Runaway Ball (The). UK: Child's Play (International) Ltd.

MLA

Runaway Ball (The). UK: Child's Play (International) Ltd. 1985.

  • Place hold
  • Print
  • Cite
  • Add to your cart (remove)
  • Save record
    BIBTEX Dublin Core MARCXML MARC (non-Unicode/MARC-8) MARC (Unicode/UTF-8) MARC (Unicode/UTF-8, Standard) MODS (XML) RIS
  • More searches
    Search for this title in:
    Other Libraries (WorldCat) Other Databases (Google Scholar) Online Stores (Bookfinder.com) Open Library (openlibrary.org)

Exporting to Dublin Core...

SOUTHVILLE LIBRARY

Southville International School and Colleges Library

1281 Tropical Ave. Cor. Luxembourg St., BF Homes International, Las Pinas City

Tel. No. 8256374 / 252358 Loc. 117/146

Powered by Koha